Top 100 NHL Draft Prospects 2017-2018 - Statistics

General Stats
  • This quiz has been taken 107 times
  • The average score is 11 of 100
Answer Stats
Position Player Nationality Club % Correct
D Rasmus Dahlin Sweden Frolunda
90%
F Andrei Svechnikov Russia Barrie Colts
74%
F Filip Zadina Czech Rep Halifax Mooseheads
59%
F Brady Tkachuk USA Boston University
58%
D Quinn Hughes USA University of Michigan
56%
F Jesperi Kotkaniemi Finland Assat
41%
D Ty Smith Canada Spokane Chiefs
36%
D Adam Boqvist Sweden Almtuna
35%
D Evan Bouchard Canada London Knights
35%
D Noah Dobson Canada Acadie-Bathurst Titan
35%
D Xavier Bouchard Canada Baie-Comeau Drakkar
35%
F Barrett Hayton Canada Sault Ste. Marie Greyhounds
30%
F Joe Veleno Canada Drummondville Voltiguers
30%
F Oliver Wahlstrom USA USNTDP
28%
F Joel Farabee USA USNTDP
24%
F Vitali Kravtsov Russia Traktor Chelyabinsk
23%
F Ty Dellandrea Canada Flint Firebirds
20%
D Rasmus Sandin Sweden Sault Ste. Marie Greyhounds
19%
F Rasmus Kupari Finland Karpat
18%
D Jett Woo Canada Moose Jaw Warriors
16%
D Ryan Merkley Canada Guelph Storm
16%
D K'Andre Miller USA USNTDP
15%
F Dominik Bokk Germany Vaxjo
14%
F Grigori Denisenko Russia Loko Yaroslavl
14%
F Martin Kaut Czech HC Dynamo Pardubice
14%
D Alexander Alexeyev Russia Red Deer Rebels
13%
D Filip Johansson Sweden Leksands
13%
F Akil Thomas Canada Niagara IceDogs
11%
F Isac Lundestrom Sweden Lulea
11%
F Milos Roman Slovakia Vancouver Giants
11%
D Jared McIsaac Canada Halifax Mooseheads
10%
D Nicolas Beaudin Canada Drummondville Voltigeurs
10%
D Xavier Bernard Canada Drummondville Voltiguers
10%
D Axel Andersson Sweden Djurgardens
9%
F Benoit-Olivier Groulx Canada Halifax Mooseheads
9%
D Bode Wilde USA USNTDP
9%
D Jacob Bernard-Docker Canada Okotoks Oilers
9%
F Ryan McLeod Canada Mississauga Steelheads
9%
D Kevin Bahl Canada Ottawa 67’s
8%
F Serron Noel Canada Oshawa Generals
8%
D Adam Samuelsson USA USNTDP
6%
D Calen Addison Canada Lethbridge Hurricanes
6%
F David Gustafsson Sweden HV71
6%
F Jack McBain Canada Toronto Jr Canadiens
6%
F Jacob Olofsson Sweden Timra
6%
D Jonny Tychonick Canada Penticton Vees
6%
D Mattias Samuelsson USA USNTDP
6%
F Jakub Lauko Czech Pirati Chomutov
5%
F Jesse Ylonen Finland Espoo United
5%
F Jonatan Berggren Sweden Skelleftea
5%
F Allan McShane Canada Oshawa Generals
4%
F Cole Fonstad Canada Prince Albert Raiders
4%
F Curtis Hall USA Youngstown Phantoms
4%
F Damien Giroux Canada Saginaw Spirit
4%
F Filip Hallander Sweden Timra
4%
G Jakub Skarek Czech HC Dukla Jihlava
4%
F Jan Jenik Czech HC Benatky nad Jizerou
4%
C Riley Stotts Canada Calgary Hitmen
4%
D Scott Perunovich USA University of Minnesota-Duluth
4%
D Sean Durzi Canada Owen Sound Attack
4%
D Adam Ginning Sweden Linkoping
3%
D Alec Regula USA London Knights
3%
F Alexander Khovanov Russia Moncton Wildcats
3%
F Blake McLaughlin USA Chicago Steel
3%
F Jack Drury USA Waterloo Black Hawks
3%
F Justin Almeida Canada Moose Jaw Warriors
3%
F Nando Eggenberger Swiss Davos
3%
F Nathan Dunkley Canada London Knights
3%
F Oscar Back Sweden Farjestad
3%
F Philipp Kurashev Swiss Quebec Remparts
3%
F Riley Sutter Canada Everett Silvertips
3%
F Aidan Dudas Canada Owen Sound Attack
1%
F Albin Eriksson Sweden Skelleftea
1%
F Cam Hillis Canada Guelph Storm
1%
F Curtis Douglas Canada Windsor Spitfires
1%
D Declan Chisholm Canada Peterborough Petes
1%
F Gabriel Fortier Canada Baie-Comeau Drakkar
1%
D Jacob Ragnarsson Sweden Almtuna
1%
F Jake Pivonka USA USNTDP
1%
F Jake Wise USA USNTDP
1%
D Jesper Sellgren Sweden MODO
1%
F Jonathan Gruden USA USNTDP
1%
F Marcus Karlberg Sweden Leksands
1%
F Marcus Westfalt Sweden Brynas
1%
D Merrick Rippon Canada Ottawa 67’s
1%
F Niklas Nordgren Finland HIFK
1%
D Toni Utunen Finland Leki
1%
D Ty Emberson USA USNTDP
1%
F Tyler Madden USA Tri-City Storm
1%
F Vladislav Kotkov Russia Chicoutimi Sagueneens
1%
F Yegor Sokolov Russia Cape Breton Screaming Eagles
1%
F Anderson McDonald Canada Moncton Wildcats
0%
D Caleb Everett USA Saginaw Spirit
0%
F Chase Wouters Canada Saskatoon Blades
0%
F Dmitry Zavgorodniy Russia Rimouski Oceanic
0%
F Kirill Nizhnikov Russia Sudbury Wolves
0%
F Kyle Topping Canada Kelowna Rockets
0%
F Luka Burzan Canada Brandon Wheat Kings
0%
F Lukas Wernblom Sweden MODO
0%
F Tristen Nielsen Canada Calgary Hitmen
0%
No matching quizzes found
Score Distribution
Percent of People with Each Score
Percentile by Number Answered
Your Score History
You have not taken this quiz